000 00600nam a2200205Ia 4500
003 OSt
005 20220926031307.0
006 a|||||r|||| 00| 0
007 ta
008 220923b |||||||| |||| 00| 0 eng d
037 _cGeneral Book
040 _aRTL
_cRTL
_beng
041 _2eng
_aeng
082 _aX9(JB)n.1N45.N55s, J5
245 0 _aYearbook of forest products statistics.
260 _aRome
_bFood and agriculture organization of the United Nations
_c1955
300 _avi; 161p.
_ccm.
942 _hX9(JB)n.1N45.N55s, J5
_cGB
_2CC
999 _c651998
_d651998